[Event "ARG-ch sf 94th"]
[Site "Buenos Aires"]
[Date "2019.04.06"]
[Round "8"]
[White "Sanz, Luis"]
[Black "Sica, Mauro"]
[Result "1/2-1/2"]
[WhiteElo "2119"]
[BlackElo "2248"]
[PlyCount "70"]
[EventDate "2019.03.30"]
[EventType "swiss"]
[EventRounds "9"]
[EventCountry "ARG"]
[SourceTitle "CBM 189 Extra"]
[Source "ChessBase"]
[SourceDate "2019.06.03"]
[SourceVersion "1"]
[SourceVersionDate "2019.06.03"]
[SourceQuality "1"]

1. d4 Nf6 2. c4 e6 3. Nc3 Bb4 4. e3 0-0 5. Bd3 c5 6. Nf3 d6 7. 0-0 Bxc3 8. bxc3 Nc6 9. Qc2 e5 10. Ng5 h6 11. Ne4 Nxe4 12. Bxe4 Ne7 13. dxe5 dxe5 14. Rd1 Qc7 15. Bd5 Bg4 16. f3 Bf5 17. e4 Be6 18. Be3 Rad8 19. Qf2 b6 20. Qg3 Bxd5 21. cxd5 Ng6 22. c4 Kh7 23. Qg4 Qd6 24. a4 a5 25. Rab1 Kh8 26. Qh5 Kg8 27. g4 Ne7 28. Rd2 f6 29. Rdb2 Rb8 30. Rb5 Rfc8 31. R1b2 Rf8 32. Rg2 Rf7 33. Rgb2 Rff8 34. Rg2 Rf7 35. Rgb2 Rff8 1/2-1/2

[Event "ARG-ch sf 94th"]
[Site "Buenos Aires"]
[Date "2019.04.02"]
[Round "4"]
[White "Echeguren, Martin"]
[Black "Sica, Mauro"]
[Result "1/2-1/2"]
[WhiteElo "1953"]
[BlackElo "2248"]
[PlyCount "190"]
[EventDate "2019.03.30"]
[EventType "swiss"]
[EventRounds "9"]
[EventCountry "ARG"]
[SourceTitle "CBM 189 Extra"]
[Source "ChessBase"]
[SourceDate "2019.06.03"]
[SourceVersion "1"]
[SourceVersionDate "2019.06.03"]
[SourceQuality "1"]

1. d4 f5 2. g3 Nf6 3. Bg2 g6 4. Nf3 Bg7 5. 0-0 0-0 6. c4 d6 7. Nc3 Nc6 8. d5 Na5 9. Qa4 c5 10. dxc6 Nxc6 11. Rd1 Ne4 12. Nxe4 fxe4 13. Ng5 Nd4 14. Bxe4 Nxe2+ 15. Kg2 Nxc1 16. Raxc1 Bxb2 17. Rc2 Bf6 18. Bd5+ Kg7 19. Ne6+ Bxe6 20. Bxe6 Qb6 21. Qb5 Bd4 22. Qxb6 Bxb6 23. Bd5 e5 24. Bxb7 Rab8 25. Bd5 Bc5 26. Rd3 a5 27. Bc6 Rb6 28. Bb5 Rb7 29. Bc6 Rbf7 30. f3 Rc7 31. Bb5 g5 32. Re2 h5 33. Re4 Kh6 34. a4 Rcf7 35. h3 Rg7 36. g4 hxg4 37. Rxg4 Rf4 38. Bc6 Rgf7 39. Rb3 Bb4 40. Rd3 Rf8 41. Re3 Rc8 42. Bb5 Bc5 43. Rd3 Rb8 44. Kg3 Kg6 45. h4 Rxg4+ 46. Kxg4 gxh4 47. Kxh4 Kf5 48. Kh3 Kf4 49. Kg2 Rg8+ 50. Kf1 Rg1+ 51. Ke2 Rg2+ 52. Kd1 Rf2 53. Bc6 Rb2 54. Kc1 Rb4 55. Bb5 Kg3 56. Kd1 Kf2 57. Kd2 Kf1 58. Kd1 Kf2 59. Kd2 Rb1 60. Bc6 Bb4+ 61. Kc2 Re1 62. Rd1 Re2+ 63. Kb3 Re3+ 64. Kb2 Rxf3 65. Bxf3 Kxf3 66. Rf1+ Ke2 67. Rh1 Kd3 68. Rd1+ Kxc4 69. Kc2 e4 70. Rh1 d5 71. Rh8 d4 72. Re8 d3+ 73. Kd1 Kd4 74. Rd8+ Ke3 75. Rd7 Kf4 76. Rf7+ Ke3 77. Rd7 d2 78. Rf7 Kd4 79. Rc7 e3 80. Rc8 Kd3 81. Rd8+ Kc4 82. Re8 Kd3 83. Rd8+ Kc3 84. Re8 Bc5 85. Re4 Kb3 86. Re5 Bd4 87. Rd5 Kc4 88. Rd8 Bc3 89. Re8 Bd4 90. Re4 Kc3 91. Re8 Kb3 92. Re4 Bc5 93. Re5 Kc4 94. Re4+ Kd3 95. Re8 Bd4 1/2-1/2

[Event "Buenos Aires La Porta Cup"]
[Site "Buenos Aires"]
[Date "2019.03.26"]
[Round "6"]
[White "Sica, Mauro"]
[Black "Obregon, Carlos Andres"]
[Result "0-1"]
[WhiteElo "2248"]
[BlackElo "2514"]
[PlyCount "90"]
[EventDate "2019.03.20"]
[EventType "swiss"]
[EventRounds "9"]
[EventCountry "ARG"]
[SourceTitle "CBM 189 Extra"]
[Source "ChessBase"]
[SourceDate "2019.06.03"]
[SourceVersion "1"]
[SourceVersionDate "2019.06.03"]
[SourceQuality "1"]

1. d4 Nf6 2. c4 e6 3. Nc3 Bb4 4. e3 0-0 5. Nge2 d5 6. a3 Be7 7. cxd5 exd5 8. Nf4 c6 9. Bd3 Na6 10. 0-0 Nc7 11. Bc2 b6 12. f3 c5 13. Bb3 Bb7 14. Bd2 Bd6 15. Nfe2 Qe7 16. Qe1 Rad8 17. Qf2 Ne6 18. Rfe1 Qc7 19. f4 a6 20. h3 b5 21. Rac1 Qb8 22. Bc2 b4 23. Na4 bxa3 24. bxa3 cxd4 25. exd4 Bxa3 26. Rb1 Qc7 27. Bd3 h6 28. h4 Rfe8 29. Rb3 Bd6 30. Rc1 Qe7 31. g3 Rc8 32. Rcb1 Bc6 33. Nb6 Rb8 34. Bxa6 Ne4 35. Qe3 N6c5 36. dxc5 Bxc5 37. Nd4 Qa7 38. Nxc6 Bxe3+ 39. Bxe3 Qxa6 40. Nxb8 Rxb8 41. Kg2 Qe2+ 42. Kh3 h5 43. Bd4 Nd2 44. R1b2 Qf1+ 45. Kh2 Nxb3 0-1

[Event "Buenos Aires La Porta Cup"]
[Site "Buenos Aires"]
[Date "2019.03.22"]
[Round "3"]
[White "Perez Sanchez, Victor Manuel"]
[Black "Sica, Mauro"]
[Result "0-1"]
[WhiteElo "1983"]
[BlackElo "2248"]
[PlyCount "66"]
[EventDate "2019.03.20"]
[EventType "swiss"]
[EventRounds "9"]
[EventCountry "ARG"]
[SourceTitle "CBM 189 Extra"]
[Source "ChessBase"]
[SourceDate "2019.06.03"]
[SourceVersion "1"]
[SourceVersionDate "2019.06.03"]
[SourceQuality "1"]

1. e4 c5 2. Nf3 d6 3. d4 cxd4 4. Nxd4 Nf6 5. Nc3 g6 6. Be3 Bg7 7. f3 0-0 8. Qd2 Nc6 9. Bc4 Bd7 10. 0-0-0 Rc8 11. Bb3 Ne5 12. Kb1 Nc4 13. Bxc4 Rxc4 14. g4 b5 15. b3 b4 16. bxc4 bxc3 17. Qxc3 Qc7 18. Ka1 Rc8 19. Rb1 e6 20. Qb3 h6 21. h4 Be8 22. Rhd1 Nd7 23. c3 Nb6 24. Qb4 Nxc4 25. Bc1 Nb6 26. Nb5 Bxb5 27. Qxb5 Qxc3+ 28. Bb2 Qxf3 29. Bxg7 Kxg7 30. Rd3 Qxe4 31. Rxd6 Nc4 32. Rd7 Qf3 33. Rb3 Qf1+ 0-1

[Event "Buenos Aires Szmetan Giardelli op"]
[Site "Buenos Aires"]
[Date "2018.12.10"]
[Round "7"]
[White "Sica, Mauro"]
[Black "Aranha Filho, Alvaro Zimmermann"]
[Result "1/2-1/2"]
[WhiteElo "2178"]
[BlackElo "2323"]
[PlyCount "26"]
[EventDate "2018.12.04"]
[EventType "swiss"]
[EventRounds "9"]
[EventCountry "ARG"]
[SourceTitle "CBM 187 Extra"]
[Source "ChessBase"]
[SourceDate "2018.11.04"]
[SourceVersion "1"]
[SourceVersionDate "2018.11.04"]
[SourceQuality "1"]

1. d4 d5 2. c4 c6 3. Nf3 Nf6 4. Nc3 e6 5. Bg5 Nbd7 6. e3 Qa5 7. Nd2 dxc4 8. Bxf6 Nxf6 9. Nxc4 Qc7 10. a3 Be7 11. b4 0-0 12. Bd3 b6 13. 0-0 c5 1/2-1/2

[Event "Villa Martelli ProAm op 25th"]
[Site "Villa Martelli"]
[Date "2018.11.10"]
[Round "8"]
[White "Slipak, Sergio"]
[Black "Sica, Mauro"]
[Result "1-0"]
[WhiteElo "2417"]
[BlackElo "2184"]
[PlyCount "63"]
[EventDate "2018.11.03"]
[EventType "swiss"]
[EventRounds "9"]
[EventCountry "ARG"]
[SourceTitle "EXT 2020"]
[Source "ChessBase"]
[SourceDate "2019.10.17"]
[SourceVersion "1"]
[SourceVersionDate "2019.10.17"]
[SourceQuality "1"]

1. c4 e6 2. Nf3 Nf6 3. g3 b6 4. Bg2 Bb7 5. 0-0 Be7 6. Nc3 0-0 7. Re1 d5 8. cxd5 exd5 9. d4 Na6 10. Bf4 Ne4 11. Ne5 f6 12. Nd3 c5 13. dxc5 Naxc5 14. Nb5 g5 15. Be3 Ne6 16. Nd4 Nxd4 17. Bxd4 Qd7 18. e3 Kg7 19. Rc1 Rac8 20. Qh5 Qe8 21. Qg4 Rxc1 22. Rxc1 Bc8 23. Qd1 Qd7 24. a3 Bb7 25. Qh5 h6 26. Bh3 Qe8 27. Qxe8 Rxe8 28. Rc7 Nd6 29. Nb4 Kg6 30. Bg2 Bd8 31. Rd7 Be7 32. Bxd5 1-0

[Event "Pan American-ch U18"]
[Site "Santiago de Chile"]
[Date "2018.07.27"]
[Round "8"]
[White "Vazquez Maccarini, Danitza"]
[Black "Sica, Mauro"]
[Result "1/2-1/2"]
[WhiteElo "2266"]
[BlackElo "2159"]
[PlyCount "63"]
[EventDate "2018.07.22"]
[EventType "swiss"]
[EventRounds "9"]
[EventCountry "CHI"]
[SourceTitle "EXT 2022"]
[Source "ChessBase"]
[SourceDate "2021.10.06"]
[SourceVersion "1"]
[SourceVersionDate "2021.10.06"]
[SourceQuality "1"]

1. e4 c5 2. Nf3 d6 3. c3 Nf6 4. h3 Nbd7 5. Bd3 b6 6. 0-0 g6 7. Bc2 Bb7 8. Re1 Bg7 9. d4 cxd4 10. cxd4 e5 11. d5 0-0 12. a4 a6 13. Nc3 Nh5 14. Be3 h6 15. g3 Qe8 16. Nh4 Qe7 17. Qd2 Kh7 18. Bd1 Nhf6 19. b4 Rac8 20. Bf3 Ng8 21. Rac1 Bf6 22. Ng2 Bg7 23. Bg4 Ngf6 24. Bf3 Ng8 25. g4 Qd8 26. Qd3 Ne7 27. Ne2 Rxc1 28. Rxc1 Qb8 29. a5 b5 30. Ng3 Rc8 31. Rc2 Rxc2 32. Qxc2 1/2-1/2

[Event "Pan American-ch U18"]
[Site "Santiago de Chile"]
[Date "2018.07.23"]
[Round "3"]
[White "Li, James1111"]
[Black "Sica, Mauro"]
[Result "1/2-1/2"]
[WhiteElo "1949"]
[BlackElo "2159"]
[PlyCount "141"]
[EventDate "2018.07.22"]
[EventType "swiss"]
[EventRounds "9"]
[EventCountry "CHI"]
[SourceTitle "EXT 2022"]
[Source "ChessBase"]
[SourceDate "2021.10.06"]
[SourceVersion "1"]
[SourceVersionDate "2021.10.06"]
[SourceQuality "1"]

1. e4 c5 2. Nf3 d6 3. d4 cxd4 4. Nxd4 Nf6 5. Nc3 g6 6. Be2 Bg7 7. 0-0 0-0 8. Bg5 Nc6 9. Nb3 Be6 10. Kh1 Rc8 11. f4 Na5 12. f5 Bc4 13. Nxa5 Qxa5 14. Bxc4 Rxc4 15. Bxf6 Bxf6 16. Nd5 Rxe4 17. Qd3 Re5 18. Nxf6+ exf6 19. fxg6 fxg6 20. Qxd6 Kg7 21. Rad1 Re2 22. Qd3 Qe5 23. Qb3 Rf7 24. Qd3 Re7 25. b3 Qg5 26. Rg1 h5 27. Qc4 Qg4 28. Rd4 R2e4 29. c3 h4 30. h3 Qf5 31. Qd5 R4e5 32. Qc4 Re1 33. Rd1 R1e3 34. Qf1 Qe4 35. Kh2 Rxc3 36. Re1 Re3 37. Rxe3 Qxe3 38. Qc4 g5 39. Rf1 b6 40. Qc6 Qe5+ 41. Kh1 Qe6 42. Qf3 Rf7 43. Qf2 Re7 44. Qf3 Kg6 45. Qc3 Qe5 46. Qc4 Qe2 47. Rc1 Qxc4 48. Rxc4 Re1+ 49. Kh2 Ra1 50. Ra4 a5 51. b4 axb4 52. Rxb4 Rxa2 53. Rxb6 Ra1 54. Rc6 Re1 55. Ra6 Kf5 56. Ra5+ Kf4 57. Ra4+ Re4 58. Ra6 f5 59. Rb6 g4 60. hxg4 fxg4 61. Rf6+ Ke3 62. Rh6 Kf2 63. Rf6+ Ke3 64. Rh6 Kf2 65. Rf6+ Ke1 66. Rh6 g3+ 67. Kh3 Kf2 68. Rf6+ Ke2 69. Rf7 Ke1 70. Rf6 Ke2 71. Rf5 1/2-1/2

[Event "Pan American-ch U18"]
[Site "Santiago de Chile"]
[Date "2018.07.23"]
[Round "2"]
[White "Sica, Mauro"]
[Black "Villca, Julian"]
[Result "0-1"]
[WhiteElo "2159"]
[BlackElo "2318"]
[PlyCount "52"]
[EventDate "2018.07.22"]
[EventType "swiss"]
[EventRounds "9"]
[EventCountry "CHI"]
[SourceTitle "EXT 2022"]
[Source "ChessBase"]
[SourceDate "2021.10.06"]
[SourceVersion "1"]
[SourceVersionDate "2021.10.06"]
[SourceQuality "1"]

1. d4 d5 2. c4 e6 3. Nc3 a6 4. Nf3 Nf6 5. Bg5 dxc4 6. a4 h6 7. Bh4 c5 8. e3 Qb6 9. Qd2 Nc6 10. Bxc4 Na5 11. Ba2 cxd4 12. exd4 Nb3 13. Bxb3 Qxb3 14. 0-0 Be7 15. Rfe1 0-0 16. a5 Rd8 17. Ne5 Bd7 18. Ng4 Nd5 19. Bxe7 Nxe7 20. Ne5 Be8 21. g4 Nc6 22. Nxc6 Bxc6 23. Re3 Qb4 24. Rd3 Rd7 25. Nd1 Qxd2 26. Rxd2 Rad8 0-1

[Event "ARG-chT ART Semillero U21"]
[Site "Villa Martelli"]
[Date "2018.06.24"]
[Round "5.1"]
[White "Villarreal, Agustin"]
[Black "Sica, Mauro"]
[Result "0-1"]
[WhiteElo "1882"]
[BlackElo "2159"]
[PlyCount "46"]
[EventDate "2018.06.02"]
[EventType "team-swiss"]
[EventRounds "6"]
[EventCountry "ARG"]
[SourceTitle "EXT 2019"]
[Source "ChessBase"]
[SourceDate "2018.10.10"]
[SourceVersion "1"]
[SourceVersionDate "2018.10.10"]
[SourceQuality "1"]
[WhiteTeam "Tacticos y Estrategas U21"]
[BlackTeam "Republica Martelli U21"]
[WhiteTeamCountry "ARG"]
[BlackTeamCountry "ARG"]

1. Nf3 d6 2. d4 f5 3. g3 g6 4. c4 Nf6 5. Nc3 Bg7 6. Bg2 0-0 7. 0-0 Nc6 8. Bg5 h6 9. Bxf6 Bxf6 10. Rb1 e5 11. d5 Ne7 12. e4 a6 13. b4 f4 14. Nd2 h5 15. h3 Bg5 16. g4 hxg4 17. hxg4 f3 18. Nxf3 Bf4 19. Nh2 Kg7 20. Bh3 Rh8 21. Kg2 Rxh3 22. Kxh3 Qh8+ 23. Kg2 Qxh2+ 0-1

[Event "ARG-ch sf 93rd"]
[Site "Buenos Aires"]
[Date "2018.05.26"]
[Round "8"]
[White "Sica, Mauro"]
[Black "Della Morte, German"]
[Result "0-1"]
[WhiteElo "2172"]
[BlackElo "2374"]
[PlyCount "64"]
[EventDate "2018.05.19"]
[EventType "swiss"]
[EventRounds "9"]
[EventCountry "ARG"]
[SourceTitle "CBM 184 Extra"]
[Source "ChessBase"]
[SourceDate "2018.06.28"]
[SourceVersion "1"]
[SourceVersionDate "2018.06.28"]
[SourceQuality "1"]

1. d4 Nf6 2. c4 e6 3. Nc3 Bb4 4. e3 0-0 5. Bd3 d5 6. Nge2 b6 7. 0-0 Bb7 8. a3 Bd6 9. Ng3 c5 10. cxd5 cxd4 11. exd4 Nxd5 12. Qh5 f5 13. Re1 Qf6 14. Nb5 Bf4 15. Bf1 a6 16. Nc3 Bxc1 17. Raxc1 Nf4 18. Qd1 Nc6 19. Nge2 Nxe2+ 20. Nxe2 f4 21. f3 Rad8 22. Kh1 b5 23. Qb3 g5 24. h3 Rd6 25. Rcd1 Rfd8 26. a4 b4 27. Rd2 a5 28. Red1 Ne7 29. Nc1 Nf5 30. Bc4 Ne3 31. Re1 Rc8 32. Bb5 g4 0-1

[Event "ARG-ch sf 93rd"]
[Site "Buenos Aires"]
[Date "2018.05.19"]
[Round "1"]
[White "Sica, Mauro"]
[Black "Colombo Berra, Pablo"]
[Result "1-0"]
[WhiteElo "2172"]
[BlackElo "1771"]
[PlyCount "71"]
[EventDate "2018.05.19"]
[EventType "swiss"]
[EventRounds "9"]
[EventCountry "ARG"]
[SourceTitle "CBM 184 Extra"]
[Source "ChessBase"]
[SourceDate "2018.06.28"]
[SourceVersion "1"]
[SourceVersionDate "2018.06.28"]
[SourceQuality "1"]

1. d4 b6 2. c4 Bb7 3. Nc3 e6 4. e4 Nf6 5. Bd3 Bb4 6. Qc2 Nc6 7. Nf3 h6 8. d5 exd5 9. exd5 Nb8 10. 0-0 Bxc3 11. Qxc3 0-0 12. Qe5 d6 13. Qg3 Kh8 14. Qh4 Ng8 15. Bg5 Qd7 16. Bd2 Bc8 17. h3 Qe7 18. Bg5 f6 19. Bd2 g5 20. Qg3 Nd7 21. Bc3 Ne5 22. Rae1 Nxf3+ 23. Qxf3 Qg7 24. Bf5 Bxf5 25. Qxf5 Qh7 26. Qf3 Qd7 27. Re6 Kg7 28. Rfe1 Rae8 29. Kh2 Qf7 30. R1e3 Rxe6 31. dxe6 Qg6 32. Qb7 Qf5 33. Qxc7+ Kh8 34. Qxd6 Qxf2 35. Qxf8 Qxe3 36. Bxf6+ 1-0

[Event "ARG-ch U18"]
[Site "Villa Martelli"]
[Date "2018.02.12"]
[Round "8.1"]
[White "Sica, Mauro"]
[Black "Villca, Julian"]
[Result "0-1"]
[WhiteElo "2169"]
[BlackElo "2297"]
[PlyCount "62"]
[EventDate "2018.02.09"]
[EventType "swiss"]
[EventRounds "9"]
[EventCountry "ARG"]
[SourceTitle "EXT 2024"]
[Source "ChessBase"]
[SourceDate "2023.10.10"]
[SourceVersion "1"]
[SourceVersionDate "2023.10.10"]
[SourceQuality "1"]

1. d4 Nf6 2. c4 e6 3. Nc3 d5 4. cxd5 exd5 5. Bg5 Be6 6. e3 h6 7. Bh4 Bd6 8. Bd3 Nbd7 9. Nf3 0-0 10. Rc1 a6 11. Bb1 b5 12. 0-0 Re8 13. Re1 Rc8 14. Qd3 c5 15. e4 cxd4 16. Qxd4 Rc4 17. Qd2 Qb8 18. e5 Bxe5 19. Bxf6 Bf4 20. Qd3 Nxf6 21. Rcd1 Bc7 22. b3 Rc5 23. a3 Rc8 24. Ne2 Bg4 25. Ned4 Rc3 26. Re8+ Rxe8 27. Qxc3 Bxh2+ 28. Kf1 Be5 29. Qd3 Bxd4 30. Qxd4 Bxf3 31. gxf3 Qh2 0-1

[Event "ARG-ch U18"]
[Site "Villa Martelli"]
[Date "2018.02.09"]
[Round "1.4"]
[White "Reburdo, Rodrigo Hernan"]
[Black "Sica, Mauro"]
[Result "0-1"]
[WhiteElo "1498"]
[BlackElo "2169"]
[PlyCount "26"]
[EventDate "2018.02.09"]
[EventType "swiss"]
[EventRounds "9"]
[EventCountry "ARG"]
[SourceTitle "EXT 2024"]
[Source "ChessBase"]
[SourceDate "2023.10.10"]
[SourceVersion "1"]
[SourceVersionDate "2023.10.10"]
[SourceQuality "1"]

1. e4 c5 2. Nf3 Nc6 3. d4 cxd4 4. Nxd4 g6 5. Nc3 Bg7 6. Be3 Nf6 7. f3 0-0 8. Qd2 d5 9. exd5 Nxd5 10. Nxc6 bxc6 11. 0-0-0 Bxc3 12. bxc3 Qa5 13. Bd4 Qa3+ 0-1

[Event "Wch U18"]
[Site "Montevideo"]
[Date "2017.09.23"]
[Round "8"]
[White "Sica, Mauro"]
[Black "Mihajlov, Sebastian"]
[Result "1/2-1/2"]
[WhiteElo "2178"]
[BlackElo "2399"]
[PlyCount "112"]
[EventDate "2017.09.17"]
[EventType "swiss"]
[EventRounds "11"]
[EventCountry "URU"]
[SourceTitle "CBM 180 Extra"]
[Source "ChessBase"]
[SourceDate "2017.10.06"]
[SourceVersion "1"]
[SourceVersionDate "2017.10.06"]
[SourceQuality "1"]

1. d4 Nf6 2. c4 e6 3. Nc3 Bb4 4. e3 0-0 5. Nge2 Re8 6. a3 Bf8 7. Ng3 d5 8. Bd3 b6 9. 0-0 Ba6 10. cxd5 Bxd3 11. Qxd3 exd5 12. b4 a6 13. Bd2 Nbd7 14. f3 g6 15. Nge2 Bh6 16. Nf4 c6 17. a4 Bxf4 18. exf4 b5 19. a5 Nh5 20. f5 Qf6 21. g4 Ng7 22. fxg6 hxg6 23. Ne2 Re7 24. Rac1 Rae8 25. Ng3 Qd6 26. Rfe1 Rxe1+ 27. Rxe1 Re6 28. Rxe6 Qxe6 29. Kg2 Nf6 30. Ne2 Nfe8 31. Nf4 Qd7 32. h4 Nd6 33. h5 gxh5 34. Nxh5 Nxh5 35. gxh5 Qf5 36. Qe2 Qxh5 37. Qe7 Qg6+ 38. Kf2 Nf5 39. Qe5 Nh4 40. Bg5 Qc2+ 41. Kg3 Nf5+ 42. Kg4 Ng7 43. Bf6 Qg6+ 44. Qg5 Ne6 45. Qxg6+ fxg6 46. f4 Kf7 47. Be5 Nf8 48. f5 gxf5+ 49. Kxf5 Ne6 50. Bh8 Nc7 51. Bf6 Ne8 52. Be5 Ke7 53. Kg4 Ke6 54. Kf4 Ke7 55. Kg4 Kf7 56. Kf5 Ke7 1/2-1/2

[Event "ARG-chT"]
[Site "Villa Martelli"]
[Date "2017.09.02"]
[Round "5.1"]
[White "Sica, Mauro"]
[Black "Rago, Sergio Angel"]
[Result "1/2-1/2"]
[WhiteElo "2217"]
[BlackElo "2219"]
[PlyCount "137"]
[EventDate "2017.08.05"]
[EventType "team-swiss"]
[EventRounds "9"]
[EventCountry "ARG"]
[SourceTitle "CBM 180 Extra"]
[Source "ChessBase"]
[SourceDate "2017.10.06"]
[SourceVersion "1"]
[SourceVersionDate "2017.10.06"]
[SourceQuality "1"]
[WhiteTeam "Mar del Plata"]
[BlackTeam "Villa del Parque CC"]
[WhiteTeamCountry "ARG"]
[BlackTeamCountry "ARG"]

1. d4 Nf6 2. c4 e6 3. Nc3 Bb4 4. e3 0-0 5. Nge2 d5 6. a3 Be7 7. cxd5 exd5 8. g3 Re8 9. Bg2 c6 10. 0-0 Bf5 11. f3 c5 12. e4 dxe4 13. fxe4 cxd4 14. exf5 dxc3 15. Qxd8 Bxd8 16. Nxc3 Bb6+ 17. Kh1 Nc6 18. Bg5 Ng4 19. h3 Nf2+ 20. Kh2 Nd3 21. Rab1 h6 22. Bf4 Rad8 23. Nd5 Re2 24. Nxb6 Nxf4 25. Rxf4 Rdd2 26. Rg1 axb6 27. b4 Nd4 28. Kh1 Re3 29. Re4 Rxg3 30. Rg4 Nxf5 31. Rxg3 Nxg3+ 32. Kh2 Ne2 33. Rf1 Rd7 34. Re1 Nf4 35. Re8+ Kh7 36. Be4+ g6 37. Rb8 Re7 38. Bxb7 Re3 39. Bc8 Rxa3 40. Rxb6 Rc3 41. Bd7 f5 42. Rb7 Rxh3+ 43. Kg1 Kg8 44. b5 Kf8 45. b6 Nd5 46. Be6 Nxb6 47. Rxb6 Ke7 48. Kg2 Rh4 49. Kg3 Rg4+ 50. Kf3 h5 51. Bd5 h4 52. Re6+ Kf8 53. Rf6+ Kg7 54. Rf7+ Kh6 55. Kf2 Rd4 56. Bf3 Rd2+ 57. Be2 Kg5 58. Rh7 Rd4 59. Ke3 Rb4 60. Kf2 Kf6 61. Rh8 Rd4 62. Ke3 Re4+ 63. Kf2 g5 64. Bd3 Rf4+ 65. Ke3 Kg7 66. Rh5 Kg6 67. Rh8 Kg7 68. Rh5 Kg6 69. Rh8 1/2-1/2

[Event "Buenos Aires Vicente Lopez Cup 19th"]
[Site "Buenos Aires"]
[Date "2017.08.22"]
[Round "8"]
[White "Sica, Mauro"]
[Black "Ocantos, Manuel"]
[Result "0-1"]
[WhiteElo "2217"]
[BlackElo "2169"]
[PlyCount "76"]
[EventDate "2017.08.14"]
[EventType "tourn"]
[EventRounds "9"]
[EventCountry "ARG"]
[EventCategory "2"]
[SourceTitle "CBM 180 Extra"]
[Source "ChessBase"]
[SourceDate "2017.10.06"]
[SourceVersion "1"]
[SourceVersionDate "2017.10.06"]
[SourceQuality "1"]

1. d4 d6 2. Nf3 Nf6 3. c4 Bg4 4. Nc3 Nbd7 5. h3 Bxf3 6. exf3 e6 7. Be2 Be7 8. 0-0 0-0 9. d5 e5 10. f4 Re8 11. Qc2 Bf8 12. Be3 a5 13. f5 h6 14. a3 Nh7 15. b4 Be7 16. Ne4 Ng5 17. f3 b6 18. Bd3 Nxe4 19. fxe4 Bg5 20. Bf2 h5 21. Qe2 g6 22. Be3 Qe7 23. Qd2 Bf4 24. b5 g5 25. a4 h4 26. Kh1 Qf6 27. Rae1 Kg7 28. Be2 Nc5 29. Bxf4 exf4 30. Bf3 Nxa4 31. e5 Rxe5 32. Rxe5 Qxe5 33. Re1 Qf6 34. Qe2 Nc5 35. Qe7 Qxe7 36. Rxe7 Kf6 37. Rxc7 a4 38. Rc6 a3 0-1

[Event "Buenos Aires Vicente Lopez Cup 19th"]
[Site "Buenos Aires"]
[Date "2017.08.21"]
[Round "7"]
[White "Aguilar, Andres"]
[Black "Sica, Mauro"]
[Result "1/2-1/2"]
[WhiteElo "2331"]
[BlackElo "2217"]
[PlyCount "77"]
[EventDate "2017.08.14"]
[EventType "tourn"]
[EventRounds "9"]
[EventCountry "ARG"]
[EventCategory "2"]
[SourceTitle "CBM 180 Extra"]
[Source "ChessBase"]
[SourceDate "2017.10.06"]
[SourceVersion "1"]
[SourceVersionDate "2017.10.06"]
[SourceQuality "1"]

1. c4 f5 2. g3 Nf6 3. Bg2 d6 4. Nc3 g6 5. d3 Nc6 6. e4 e5 7. Nge2 Bg7 8. 0-0 0-0 9. Nd5 Be6 10. Bg5 Qd7 11. Qd2 Rf7 12. Rad1 Raf8 13. b3 fxe4 14. dxe4 Bh3 15. f3 Bxg2 16. Kxg2 b6 17. Be3 a5 18. c5 bxc5 19. Nxf6+ Rxf6 20. Bxc5 Qf7 21. Bf2 Rxf3 22. Qd5 Qxd5 23. exd5 Nb4 24. Nf4 Rxf2+ 25. Rxf2 exf4 26. a3 Na6 27. gxf4 Bh6 28. Rd4 Re8 29. Rc4 Nc5 30. b4 axb4 31. axb4 Nd3 32. Rf1 Re2+ 33. Kg3 Rb2 34. Rxc7 Rxb4 35. Ra1 Rxf4 36. Raa7 Rf1 37. Rxh7 Bf8 38. Rhc7 Ne5 39. Rc8 1/2-1/2

[Event "Buenos Aires Vicente Lopez Cup 19th"]
[Site "Buenos Aires"]
[Date "2017.08.16"]
[Round "3"]
[White "Sica, Mauro"]
[Black "Mayorga, Nicolas"]
[Result "1/2-1/2"]
[WhiteElo "2217"]
[BlackElo "2300"]
[PlyCount "154"]
[EventDate "2017.08.14"]
[EventType "tourn"]
[EventRounds "9"]
[EventCountry "ARG"]
[EventCategory "2"]
[SourceTitle "CBM 180 Extra"]
[Source "ChessBase"]
[SourceDate "2017.10.06"]
[SourceVersion "1"]
[SourceVersionDate "2017.10.06"]
[SourceQuality "1"]

1. d4 Nf6 2. c4 c5 3. d5 e6 4. Nc3 exd5 5. cxd5 g6 6. e4 d6 7. f4 Bg7 8. Bb5+ Nfd7 9. a4 0-0 10. Nf3 Na6 11. 0-0 Nb4 12. Re1 a6 13. Bc4 Re8 14. Be3 Nf6 15. Bf2 Nh5 16. Qd2 Bg4 17. Be2 Bh6 18. Be3 Qd7 19. Ng5 Bxe2 20. Rxe2 Nf6 21. Bf2 Ng4 22. Bg3 Bg7 23. Nf3 Nf6 24. Rd1 c4 25. e5 Nh5 26. Ne4 Qxa4 27. Nxd6 Nxg3 28. hxg3 Red8 29. Rc1 Rxd6 30. exd6 Nd3 31. Ne5 Nxc1 32. Qxc1 Rd8 33. d7 Bxe5 34. fxe5 Qxd7 35. Rd2 Qb5 36. Qd1 Qc5+ 37. Kh2 Qe3 38. Re2 Qd3 39. Rd2 Qe4 40. e6 fxe6 41. dxe6 Rxd2 42. Qxd2 Qxe6 43. Qd8+ Kg7 44. Qc7+ Qf7 45. Qe5+ Qf6 46. Qc7+ Qf7 47. Qe5+ Kh6 48. Qe3+ g5 49. Qb6+ Kh5 50. Kh3 Qf5+ 51. Kh2 Qe4 52. Kh3 Qf5+ 53. Kh2 Qd5 54. Kh3 Qd7+ 55. Kh2 Qc6 56. Qf2 Kg6 57. Qf8 h5 58. Qg8+ Kf5 59. Qf7+ Ke4 60. Qxh5 Kd4 61. Qxg5 Qb5 62. Qd2+ Kc5 63. g4 Qe8 64. g5 b5 65. Qf2+ Kb4 66. Qf6 Kb3 67. g6 b4 68. g7 Qb8+ 69. g3 Qg8 70. Qf8 Qh7+ 71. Kg2 Qc2+ 72. Kh3 Qh7+ 73. Kg4 Qg6+ 74. Kf4 Qh6+ 75. Kf3 Qh5+ 76. Kf4 Qh6+ 77. Kf3 Qh5+ 1/2-1/2

[Event "ARG-ch sf 92nd"]
[Site "Buenos Aires"]
[Date "2017.07.17"]
[Round "9.16"]
[White "Palmero, Pablo"]
[Black "Sica, Mauro"]
[Result "1/2-1/2"]
[WhiteElo "2090"]
[BlackElo "2251"]
[PlyCount "79"]
[EventDate "2017.07.10"]
[EventType "swiss"]
[EventRounds "9"]
[EventCountry "ARG"]
[SourceTitle "EXT 2018"]
[Source "ChessBase"]
[SourceDate "2017.10.13"]
[SourceVersion "1"]
[SourceVersionDate "2017.10.13"]
[SourceQuality "1"]

1. d4 f5 2. Nh3 d6 3. f3 Nf6 4. Bg5 e5 5. e3 Be7 6. Bc4 c6 7. Nc3 exd4 8. exd4 d5 9. Bb3 0-0 10. 0-0 h6 11. Bf4 Nh5 12. Bxb8 Rxb8 13. f4 Nf6 14. Nf2 Ng4 15. Qf3 Bf6 16. h3 Nxf2 17. Qxf2 Be6 18. Ne2 b6 19. Rad1 Rc8 20. Qf3 Bf7 21. Nc1 c5 22. dxc5 bxc5 23. c3 c4 24. Bc2 Qb6+ 25. Rf2 Rce8 26. g3 Re3 27. Qg2 Rfe8 28. Kh2 Qe6 29. Rdd2 g6 30. Ne2 h5 31. h4 Kg7 32. Nd4 Bxd4 33. Rxd4 Re2 34. Bd1 Re4 35. Rfd2 Rxd4 36. Rxd4 Rd8 37. Qd2 Rd7 38. Bf3 a5 39. Kg2 Kf8 40. Kf2 1/2-1/2